Narodowości debiutujące na Majorach w CS - Statystyki

Ogólne statystyki
  • Ten quiz został rozwiązany 27 razy
    25 od ostatniego zresetowania
  • Średni wynik to 41 z 52
Statystyki odpowiedzi
Debiut narodowości na Majorze Ilość debiutantów Narodowość % Poprawnych
DreamHack Winter 2013 17 Dania
100%
DreamHack Winter 2013 5 Polska
100%
DreamHack Winter 2013 21 Szwecja
100%
PGL Major Antwerp 2022 2 Argentyna
94%
ESL One Katowice 2015 5 Brazylia
94%
ELEAGUE Major 2018 4 Chiny
94%
ESL One Cologne 2014 5 Indie
94%
DreamHack Winter 2013 2 Kanada
94%
EMS One Katowice 2014 2 Niemcy
94%
DreamHack Winter 2013 4 Rosja
94%
DreamHack Winter 2013 8 Stany Zjednoczone
94%
FACEIT Major 2018 2 Wielka Brytania
94%
EMS One Katowice 2014 5 Australia
89%
DreamHack Winter 2013 4 Belgia
89%
DreamHack Winter 2014 2 Bośnia i Hercegowina
89%
PGL Major Krakow 2017 2 Estonia
89%
EMS One Katowice 2014 1 Holandia
89%
ELEAGUE Major 2018 1 Litwa
89%
PGL Major Stockholm 2021 2 Łotwa
89%
DreamHack Winter 2013 2 Norwegia
89%
IEM Katowice 2019 2 Nowa Zelandia
89%
EMS One Katowice 2014 1 Serbia
89%
EMS One Katowice 2014 1 Słowacja
89%
ELEAGUE Major 2018 5 Turcja
89%
ESL One Katowice 2015 6 Finlandia
83%
DreamHack Winter 2013 12 Francja
83%
DreamHack Winter 2014 1 Grecja
83%
DreamHack Winter 2013 2 Kazachstan
83%
ESL One Cologne 2015 1 Portugalia
83%
DreamHack Winter 2013 5 Ukraina
83%
PGL Major Krakow 2017 1 Czechy
78%
PGL Major Stockholm 2021 1 Izrael
78%
IEM Katowice 2019 1 Mongolia
78%
DreamHack Winter 2014 5 RPA
78%
IEM Rio Major 2022 2 Rumunia
78%
ELEAGUE Major 2017 1 Węgry
78%
BLAST.tv Austin Major 2025 2 Białoruś
72%
IEM Katowice 2019 1 Bułgaria
72%
ESL One Cologne 2016 1 Hiszpania
72%
PGL Major Antwerp 2022 4 Kosowo
72%
DreamHack Winter 2013 1 Szwajcaria
72%
BLAST.tv Paris Major 2023 1 Macedonia Północna
67%
PGL Major Antwerp 2022 1 Chile
61%
PGL Major Antwerp 2022 1 Czarnogóra
61%
PGL Major Antwerp 2022 2 Urugwaj
61%
Perfect World Shanghai Major 2024 1 Gwatemala
56%
FACEIT Major 2018 2 Indonezja
56%
ELEAGUE Major 2018 1 Malezja
56%
StarLadder Major Berlin 2019 1 Uzbekistan
56%
StarLadder Major Berlin 2019 1 Azerbejdżan
44%
FACEIT Major 2018 1 Jordania
39%
IEM Katowice 2019 1 Hong Kong
17%
Nie znaleziono quizów pasujących do podanych kryteriów
Rozkład punktacji
Procent ludzi z każdym wynikiem
Percentyl według liczby udzielonych odpowiedzi
Twoja historia wyników
Nie rozwiązałeś tego quizu od ostatniego zresetowania